000 00265nam a2200109Ia 4500
008 230320s9999||||xx |||||||||||||| ||spa||
082 _a868.6/J24O
100 _aJardiel Poncela, Enrique
245 0 _aObras Teatrales Escogidas
260 _bAGUILAR
942 _80
_cLIB
999 _c34828
_d34828